Statistics for All Governors of California

Click here to take the quiz!

General Stats

  • This quiz has been taken 36 times
  • The average score is 9 of 39

Answer Stats

HintAnswer% Correct
2003-2011Arnold Schwarzenegger
97%
1967-1975Ronald Reagan
79%
2019-PresentGavin Newsom
76%
1975-1983, 2011-2019Jerry Brown
73%
1959-1967Pat Brown
67%
1999-2003Gray Davis
55%
1911-1917Hiram Johnson
45%
1856-1858J. Neely Johnson
42%
1991-1999Pete Wilson
39%
1943-1953Earl Warren
30%
1953-1959Goodwin Knight
21%
1983-1991George Deukmejian
18%
1927-1931C.C. Young
15%
1923-1927Friend Richardson
15%
1860-1862John G. Downey
15%
1862-1863Leland Stanford
15%
1917-1923William Stephens
12%
1903-1907George Pardee
9%
1883-1887George Stoneman
9%
1899-1903Henry Gage
9%
1867-1871Henry Huntly Haight
9%
1907-1911James Gillett
9%
1852-1856John Bigler
9%
1858-1860John B. Weller
9%
1851-1852John McDougal
9%
1860-1860Milton Latham
9%
1871-1875Newton Booth
9%
1849-1851Peter Hardeman Burnett
9%
1887-1891Robert Waterman
9%
1875-1875Romualdo Pacheco
9%
1875-1880William Irwin
9%
1939-1943Culbert Olson
6%
1934-1939Frank Merriam
6%
1863-1867Frederick Low
6%
1880-1883George Clement Perkins
6%
1891-1895Henry Markham
6%
1895-1899James Budd
6%
1931-1934James Rolph
6%
1887-1887Washington Barlett
3%

Score Distribution

Percentile by Number Answered

Percent of People with Each Score

Your Score History

You have not taken this quiz